000 01178cam a2200313 i 4500
001 8496
003 Mx-PuUPA
005 20240410103446.0
008 140415s1970 sp a gr 000 0 spa d
020 _a8425302463
_qpara la colección
040 _aMx-PuUPA
_bspa
_cMx-PuUPA
_dMx-PuUPA
_erda
041 1 _aspa
_hger
240 1 0 _aDas atlantisbuch der musik.
_lEspañol
245 0 0 _aEnciclopedia de la musica /
_cdirigida por Fred Hamel & Martin Hürlimann ; traducción y adaptación Otto Mayer Serra
250 _aDécima edición
264 1 _aBarcelona :
_bEdiciones Grijalbo,
_c1970
300 _a3 volúmenes (paginación varía) :
_bilustraciones ;
_c24 cm.
336 _2rdacontent
_atexto
_btxt
337 _2rdamedia
_asin medio
_bn
338 _2rdacarrier
_avolumen
_bnc
650 7 _aMúsica
_vEnciclopedias y diccionarios
_2armarc
700 1 _aHamel, Fred,
_edirector
700 1 _aHürlimann, Martin,
_edirector
700 1 _aMayer Serra, Otto,
_etraducctor
765 0 8 _aHamel, Fred,
_b8a
_dZurich : Atlantic-Verlag, 1959
_tDas atlantisbuch der musik.
942 _2ddc
_cLI
_h780.3
_iE5615
999 _c8496
_d8496